000 00817nam a2200241Ia 4500
003 OSt
005 20220923212438.0
006 a|||||r|||| 00| 0
007 ta
008 220922b |||||||| |||| 00| 0 hin d
024 _a153,045
037 _cTextual
040 _aARTS
_cARTS
_bhin
041 _2hin
_ahin
082 _aO142,3M25,1, 152K5
100 _aप्रिबीत्कोव, व्लादीमिर
245 0 _aअफनासी निकीतिन की भारत यात्रा
246 _aAfanāsī nikītin kī bhārat yātrā
260 _c1965
650 _aहिन्दी साहित्य
_9156264
942 _hO142,3M25,1, 152K5
_cTEXL
_2CC
999 _c308693
_d308693